000 00429nam a22001697a 4500
999 _c46281
_d46281
005 20190502132716.0
008 190502b ||||| |||| 00| 0 eng d
100 _aSmith, Paul B.
245 _aWorld conquest/
_cby Paul B.Smith
260 _aLondon:
_bMarshall, Morgan & Scott,
_cc1960.
300 _a128 p. ;
_c18cm.
336 _atext
337 _aunmediated
338 _avolume
650 _aMissions.
942 _2lcc
_cBK